Operations management : improving customer service. (4th ed.) (Record no. 52677)

MARC details
000 -LEADER
fixed length control field 00704nam a2200205 a 4500
008 - FIXED-LENGTH DATA ELEMENTS--GENERAL INFORMATION
fixed length control field 060316s1991 ||||||||||||||||| || u
020 ## - INTERNATIONAL STANDARD BOOK NUMBER
International Standard Book Number 0256098816
020 ## - INTERNATIONAL STANDARD BOOK NUMBER
International Standard Book Number 0256082405
050 ## - LIBRARY OF CONGRESS CALL NUMBER
Classification number TS 155 Sch
100 ## - MAIN ENTRY--PERSONAL NAME
Personal name Schonberger, Richard
245 10 - TITLE STATEMENT
Title Operations management : improving customer service. (4th ed.)
250 ## - EDITION STATEMENT
Edition statement 4th ed.
260 ## - PUBLICATION, DISTRIBUTION, ETC.
Place of publication, distribution, etc. Homewood
Name of publisher, distributor, etc. Irwin
Date of publication, distribution, etc. 1991
300 ## - PHYSICAL DESCRIPTION
Extent xvii, 926 p. : ill.
350 ## - PRICE (NR) (BK AM CF MU VM SE) [OBSOLETE]
Price 0.00
500 ## - GENERAL NOTE
General note Includes bibliographical references
650 #0 - SUBJECT ADDED ENTRY--TOPICAL TERM
Topical term or geographic name entry element PRODUCTION MANAGEMENT
700 ## - ADDED ENTRY--PERSONAL NAME
Personal name Knod, Edward M
995 ## - RECOMMENDATION 995 [LOCAL, UNIMARC FRANCE]
-- 0.00
-- CBU-MAIN LIBRARY (Kitwe)
-- 1
-- 48.95
-- AVAILABLE
-- Main Library Open Access Collection
Holdings
Withdrawn status Lost status Source of classification or shelving scheme Damaged status Not for loan Home library Current library Shelving location Date acquired Total Checkouts Full call number Barcode Date last seen Price effective from Koha item type
          CBU-MAIN LIBRARY, KITWE. CBU-MAIN LIBRARY, KITWE.   11/30/2022   TS 155 Sch 015895 11/30/2022 11/30/2022 MONOGRAPH